000 00415nam a22001577a 4500
999 _c12429
_d12429
008 210201b ||||| |||| 00| 0 eng d
082 0 0 _a624.17
_bJ956
100 _93214
_aJunnarkar, S. B.
245 1 0 _aKey to mechanics of structures, Vol - II
_cby S. B. Junnarkar
250 _a1st ed.
260 _aBombay
_bVivek
_c1969
300 _a314p.
365 _d10.00
650 0 _aStructural Analysis
942 _cBK